La brecha digital en Jalisco, México /

Guardat en:
Dades bibliogràfiques
Autor principal: Cota Yáñez, Rosario
Altres autors: Ramírez Ruiz, Alberto
Format: Text
Matèries:
Etiquetes: Afegir etiqueta
Sense etiquetes, Sigues el primer a etiquetar aquest registre!

MARC

LEADER 00000 a a2200000 04500
001 3643
003
040
100 |a Cota Yáñez, Rosario  
245 |a La brecha digital en Jalisco, México /  |c Rosario Cota Yáñez ; Alberto Ramírez Ruiz 
650 |a DESARROLLO ECONOMICO  
650 |a SOCIEDAD  
650 |a TECNOLOGIA  
650 |a COMUNICACION  
650 |a TRABAJO  
650 |a DESARROLLO SOCIAL  
650 |a MEXICO  
700 |a Ramírez Ruiz, Alberto  
773 |g volumen 57, número 8; páginas 632-642  
999 |c 34020  |d 34020